LEADER 01067nam0-2200301---450- 001 990009624840403321 005 20120926131318.0 010 $a88-7758-465-3 035 $a000962484 035 $aFED01000962484 035 $a(Aleph)000962484FED01 035 $a000962484 100 $a20120926d2002----km-y0itay50------ba 101 0 $aita 102 $aIT 105 $aa-------001yy 200 1 $aSchema di contratto e capitolato speciale di appalto per fognature, acquedotti, metanodotti ed opere connesse$eopere a misura ed a corpo$fSalvatore Lombardo, Giuseppe Mirabella 210 $aPalermo$cDario Flaccovio Editore$d2002 215 $a203 p.$cill.$d30 cm$e1 CD-ROM 700 1$aLombardo,$bSalvatore$f<1962- >$0309815 701 1$aMirabella,$bGiuseppe$0109375 801 0$aIT$bUNINA$gRICA$2UNIMARC 901 $aBK 912 $a990009624840403321 952 $aTECN C 557$b12909$fFARBC 959 $aFARBC 996 $aSchema di contratto e capitolato speciale di appalto per fognature, acquedotti, metanodotti ed opere connesse$9848349 997 $aUNINA LEADER 01984oam 2200529M 450 001 9910716346803321 005 20200213070611.7 035 $a(CKB)5470000002520668 035 $a(OCoLC)1065967806 035 $a(OCoLC)995470000002520668 035 $a(EXLCZ)995470000002520668 100 $a20071213d1926 ua 0 101 0 $aeng 135 $aurcn||||||||| 181 $ctxt$2rdacontent 182 $cc$2rdamedia 183 $acr$2rdacarrier 200 10$aPayment to the retired members of the Police and Fire Departments of the District of Columbia. March 20 (calendar day, March 22), 1926. -- Ordered to be printed 210 1$a[Washington, D.C.] :$c[U.S. Government Printing Office],$d1926. 215 $a1 online resource (3 pages) 225 1 $aSenate report / 69th Congress, 1st session. Senate ;$vno. 426 225 1 $a[United States congressional serial set ] ;$v[serial no. 8524] 300 $aBatch processed record: Metadata reviewed, not verified. Some fields updated by batch processes. 300 $aFDLP item number not assigned. 517 $aPayment to the retired members of the Police and Fire Departments of the District of Columbia. March 20 606 $aCivil service$xPensions 606 $aPension trusts 606 $aRetirement 606 $aFire fighters 606 $aPolice 608 $aLegislative materials.$2lcgft 615 0$aCivil service$xPensions. 615 0$aPension trusts. 615 0$aRetirement. 615 0$aFire fighters. 615 0$aPolice. 701 $aCapper$b Arthur$f1865-1951$pRepublican (KS)$01386839 801 0$bWYU 801 1$bWYU 801 2$bOCLCO 801 2$bOCLCQ 801 2$bOCLCO 801 2$bOCLCQ 906 $aBOOK 912 $a9910716346803321 996 $aPayment to the retired members of the Police and Fire Departments of the District of Columbia. March 20 (calendar day, March 22), 1926. -- Ordered to be printed$93441291 997 $aUNINA LEADER 02989oam 2200625 c 450 001 9910413343503321 005 20260302090207.0 010 $a3-8309-8873-7 024 3 $a9783830988731 035 $a(CKB)4930000000057095 035 $a(Waxmann)9783830988731 035 $a(oapen)https://directory.doabooks.org/handle/20.500.12854/47107 035 $a(oapen)doab47107 035 $a(EXLCZ)994930000000057095 100 $a20260302d2018 uy 0 101 0 $ager 135 $aurnnunnnannuu 181 $ctxt$2rdacontent 182 $cc$2rdamedia 183 $acr$2rdacarrier 200 10$aEvangelische Tageseinrichtungen für Kinder $eEmpirische Befunde und Perspektiven /$fThomas Böhme, Comenius-Institut, Nicola Bücker, Peter Schreiner 205 $a1st ed. 210 $aMünster$cWaxmann$d2018 215 $a1 online resource (136 p.) 225 0 $aEvangelische Bildungsberichterstattung$v2 311 08$a3-8309-3873-X 330 $aDie Bildungsbedeutung von Tageseinrichtungen für Kinder ist in den letzten Jahren verstärkt in den Fokus der Öffentlichkeit gerückt. Dieser Bericht gibt Auskunft über Strukturen (Zahl und Größe von Einrichtungen, Leitungsstrukturen, Gruppenformen) zur Bildungsbeteiligung von Kindern (Zahl der Kinder, Differenzierung nach Alter, Geschlecht, möglichem Förderbedarf und Migrationshintergrund) sowie über die Personalsituation in evangelischen Tageseinrichtungen. Er informiert differenziert über Kindertageseinrichtungen im Bereich von EKD/Diakonie, beschreibt deren Entwicklungstendenzen und gibt Hinweise auf Gemeinsamkeiten und Unterschiede zu anderen Trägern. Der Bildungsbericht zu Evangelischen Tageseinrichtungen für Kinder beruht auf den Daten der amtlichen Kinder- und Jugendhilfestatistik, die in einem vom Comenius-Institut geförderten Forschungsbericht der Arbeitsstelle Kinder- und Jugendhilfestatistik an der TU Dortmund trägerbezogen ausgewertet worden ist. 606 $aReligion 606 $aKita 606 $afrühe Bildung 606 $aEKD 606 $aKitas in kirchlicher Trägerschaft 606 $aEvangelische Bildungsberichterstattung 606 $aReligionspädagogik 606 $aSozialpädagogik und Pädagogik der frühen Kindheit 606 $aEmpirische Bildungsforschung 615 4$aReligion 615 4$aKita 615 4$afrühe Bildung 615 4$aEKD 615 4$aKitas in kirchlicher Trägerschaft 615 4$aEvangelische Bildungsberichterstattung 615 4$aReligionspädagogik 615 4$aSozialpädagogik und Pädagogik der frühen Kindheit 615 4$aEmpirische Bildungsforschung 700 $aBöhme$b Thomas$4aut$00 701 $aBücker$b Nicola$00 701 $aSchreiner$b Peter$0172072 712 02$aComenius-Institut$4edt 801 0$bWaxmann 801 1$bWaxmann 906 $aBOOK 912 $a9910413343503321 996 $aEvangelische Tageseinrichtungen fu?r Kinder$92780545 997 $aUNINA